00593nam a2200241Ia 4500008004100000020002100041100002100062245001600083245001400099245002100113260001500134260002000149260000900169300001700178300001000195650002100205650002600226650002400252650002200276650002200298650002200320700000900342160803s9999 xx 000 0 und d a 978-0375861178 aJohnson, LouAnne aMuchacho :  ba novel / cLouAnne Johnson. aNew York : bScholastic Inc. c2009 a197 pages ;  c22 cm aHigh schools --  aMexican Americans --  aSelf-perception --  xJuvenile fiction. xJuvenile fiction. xJuvenile fiction. a1250